Testament Pána Ježšše Krista umírajícího na swatém kříži
| Format: | Book |
|---|---|
| Language: | Slavic languages |
| PhysicalDescription: | 8 s. |
| Published: |
Uh Skalici
|
MARC
| LEADER | 00000nam a2200000 a 4500 | ||
|---|---|---|---|
| 001 | vtls010596776 | ||
| 003 | SK-MaSNL | ||
| 005 | 20260224083626.0 | ||
| 008 | 160429 xo 000 0 sla | ||
| 040 | |a SNK |b slo |c SNK |e AACR2 | ||
| 245 | 1 | |a Testament Pána Ježšše Krista umírajícího na swatém kříži | |
| 260 | |a Uh Skalici |f Tešlika a Neumanna | ||
| 300 | |a 8 s. | ||
| 999 | |c 926860 |d 928790 | ||
| 952 | |a SNK |b SNK |y PREZ |7 0 |p 17A0851157 |o snkSD 1647/27 |i snk1647/27 |z rekatalogizácia |0 0 |1 0 |4 0 |d 2014-05-15 |l 0 |r 2025-10-16 00:00:00 |w 2026-02-24 | ||


